Normal view
MARC view
Entry Topical Term
001 - CONTROL NUMBER
- control field: 7618
003 - CONTROL NUMBER IDENTIFIER
- control field: BD-RjUL
005 - DATE AND TIME OF LATEST TRANSACTION
- control field: 20230523112328.0
008 - FIXED-LENGTH DATA ELEMENTS
- fixed length control field: 230523|| aca||aabn | a|a d
040 ## - CATALOGING SOURCE
- Original cataloging agency: BD-RjUL
- Transcribing agency: BD-RjUL
150 ## - HEADING--TOPICAL TERM
- Topical term or geographic name entry element: Public sdministration
- General subdivision: Public-private sector cooperation
- Form subdivision: Local government
- Geographic subdivision: Bangladesh
670 ## - SOURCE DATA FOUND
- Source citation: Work cat.: (BD-RjUL)81440: Reza, Mahmud Ali Masud 7617, The Viability of Union Digital Center under public-Private Partnership towards E-governance in Rural Bangladesh :, 2016